| 000 | 01039nam a2200241Ia 4500 | ||
|---|---|---|---|
| 003 | Ost | ||
| 005 | 20260507075406.0 | ||
| 008 | 260507s9999||||xx |||||||||||||| ||und|| | ||
| 020 | _a5137410977 | ||
| 040 | _cfsecg | ||
| 041 | _aara | ||
| 082 | _a330 | ||
| 100 |
_aالمكاوي، محمد محمود _eمؤلف |
||
| 245 | 0 |
_aأسس التمويل المصرفي الإسلامي بين المخاطرة وأساليب السيطرة / _c محمد محمود المكاوي |
|
| 260 |
_aالإسكندرية: _bالمكتبة العصرية, _c2009 |
||
| 300 |
_a289 صفحة؛ _bإيضاحات ؛ _c25 سم |
||
| 520 | _aيضم مبادئ التمويل المصرفي الإسلامي، مخاطر التمويل المصرفي الإسلامي، أساليب السيطرة على مخاطر التمويل المصرفي الإسلامي | ||
| 653 | _aالبنوك الإسلامية | ||
| 653 | _aالتمويل | ||
| 653 | _aالتمويل المصرفي | ||
| 653 | _aالمخاطر المالية | ||
| 942 | _cكتاب | ||
| 999 |
_c44307 _d44307 |
||